Пищевая промышленность. 1980, Вып.7: Применение ЭВМ для решения планово-экономических задач на парфюмерно-косметических предприятиях (Запись № 3608909)

Подробности
000 -МАРКЕР
контрольное поле 01531nam2a22002531 4500
001 - ИДЕНТИФИКАТОР ЗАПИСИ
контрольное поле RU\NLR\INFOCOMM55\1000068099
005 - ИДЕНТИФИКАТОР ВЕРСИИ
контрольное поле 20250617131011.0
035 ## - ДРУГИЕ СИСТЕМНЫЕ НОМЕРА
Идентификатор записи (NLR Aleph) 002620155
100 ## - ДАННЫЕ ОБЩЕЙ ОБРАБОТКИ
Данные общей обработки 20040728d1980 |||y0rusy50 ca
101 0# - ЯЗЫК РЕСУРСА
Язык текста, звукозаписи и т.д. русский
102 ## - СТРАНА ПУБЛИКАЦИИ ИЛИ ПРОИЗВОДСТВА
Страна публикации Российская Федерация
105 ## - ПОЛЕ КОДИРОВАННЫХ ДАННЫХ: ТЕКСТОВЫЕ МАТЕРИАЛЫ, МОНОГРАФИЧЕСКИЕ
Кодированные данные о монографическом текстовом документе y |||||||||
200 1# - ЗАГЛАВИЕ И СВЕДЕНИЯ ОБ ОТВЕТСТВЕННОСТИ
Основное заглавие Применение ЭВМ для решения планово-экономических задач на парфюмерно-косметических предприятиях
Первые сведения об ответственности А.Н. Жулина и др.
210 ## - ПУБЛИКАЦИЯ, РАСПРОСТРАНЕНИЕ И ДР.
Дата издания, распространения и т.д. 1980
Место издания, распространения и т.д. Б. м.
461 #0 - УРОВЕНЬ НАБОРА
Встроенное поле 001RU\NLR\INFOCOMM55\1000068080
-- 2001#$aПищевая промышленность$eОбзор. информ.$hСерия8$iПарфюмерно-косметическая и эфирно-масличная промышленность$fЦНИИ информ. и техн.-экон. исслед. пищ. пром-сти. (ЦНИИТЭИпищепром)$v1980, Вып.7
Системный номер (АБИС) связанной записи 3608744
Место публикации М.
Дата публикации 1979-
Первые сведения об ответственности ЦНИИ информ. и техн.-экон. исслед. пищ. пром-сти. (ЦНИИТЭИпищепром)
Номер части Серия8
Заглавие части Парфюмерно-косметическая и эфирно-масличная промышленность
Сведения, относящиеся к заглавию Обзор. информ.
Заглавие Пищевая промышленность
ISSN 0201-9159
Номер тома 1980, Вып.7
700 #1 - ИМЯ ЛИЦА - ПЕРВИЧНАЯ ОТВЕТСТВЕННОСТЬ
Начальный элемент ввода Жулина
Часть имени, кроме начального элемента ввода А.Н.
Код отношения Автор
801 #1 - ИСТОЧНИК ЗАПИСИ
Страна Российская Федерация
Организация InfoComm
Дата составления 20040728
801 #0 - ИСТОЧНИК ЗАПИСИ
Страна Российская Федерация
Организация NLR
Правила каталогизации PSBO
852 ## - МЕСТОНАХОЖДЕНИЕ И ШИФР ХРАНЕНИЯ
Идентификатор организации NLR
Шифр хранения (Call Number) П10/5615
942 ## - ДОПОЛНИТЕЛЬНЫЕ ЭЛЕМЕНТЫ ЗАПИСИ (АБИС)
Тип экземпляра АБИС Выпуск
980 ## - КОЛЛЕКЦИЯ
Название коллекции Национальная библиография
980 ## - КОЛЛЕКЦИЯ
Название коллекции Русская периодика

Нет доступных экземпляров.